Music Quiz

Random Music or Song Quiz

Rolling Stone's 100 Greatest Songwriters Quiz Stats

 Plays Quiz Updated Aug 22, 2015

Challenge
Share
Tweet
Embed
Score 0/100 Timer 10:00
8 Plays Today
Song Songwriter(s) % Correct
ImagineJohn Lennon
96.5%
(I Can't Get No) SatisfactionMick Jagger and Keith Richards
94.3%
Like a Rolling StoneBob Dylan
92.1%
Billie JeanMichael Jackson
89.7%
Maybe I'm AmazedPaul McCartney
89.1%
Born to RunBruce Springsteen
88.5%
Bridge Over Troubled WaterPaul Simon
87.2%
Your SongElton John and Bernie Taupin
86.6%
I Walk the LineJohnny Cash
84.7%
Piano ManBilly Joel
83.7%
When Doves CryPrince
83.1%
Smells Like Teen SpiritKurt Cobain
81.2%
Johnny B. GoodeChuck Berry
80.8%
Like a PrayerMadonna
79.9%
I Still Haven't Found What I'm Looking ForBono and the Edge
79%
Hotel CaliforniaDon Henley and Glenn Frey
76.4%
Stayin' AliveBarry, Robin & Maurice Gibb
74%
My Sweet LordGeorge Harrison
73.6%
Sweet CarolineNeil Diamond
73%
Papa's Got a Brand New BagJames Brown
72.7%
Losing my ReligionR.E.M.
72.4%
London CallingJoe Strummer and Mick Jones
72.2%
Heart of GoldNeil Young
71.6%
What's Going OnMarvin Gaye
71.3%
Let's Stay TogetherAl Green
69.6%
Redemption SongBob Marley
69.4%
My GenerationPete Townshend
69.2%
JoleneDolly Parton
67.5%
Big Yellow TaxiJoni Mitchell
67.2%
American IdiotBillie Joe Armstrong
65.5%
Fire and RainJames Taylor
64.2%
MoondanceVan Morrison
64.1%
HeroesDavid Bowie
64%
God Only KnowsBrian Wilson
63.8%
Song Songwriter(s) % Correct
Fortunate SonJohn Fogerty
63.7%
Walk on the Wild SideLou Reed
63.1%
99 ProblemsJay Z
62.7%
The Tracks of My TearsSmokey Robinson
59.2%
StanEminem
58.8%
LandslideStevie Nicks
57.9%
HallelujahLeonard Cohen
57.5%
On the Road AgainWillie Nelson
55.8%
American GirlTom Petty
55.7%
That'll Be the DayBuddy Holly
55.3%
Family AffairSly Stone
49.1%
Will You Love Me TomorrowCarole King and Gerry Goffin
49%
Paranoid AndroidRadiohead
48%
I'm So Lonesome I Could CryHank Williams
47.3%
Car Wheels on a Gravel RoadLucinda Williams
46.1%
Running on EmptyJackson Browne
45.5%
Brass in PocketChrissie Hynde
44.9%
Living for the CityStevie Wonder
44.7%
The WeightRobbie Robertson
43.9%
Waterloo SunsetRay Davies
43.2%
This Land is Your LandWoody Guthrie
42.8%
Jesus WalksKanye West
39.4%
Casey JonesJerry Garcia and Robert Hunter
38.7%
A Change is Gonna ComeSam Cooke
38.2%
Dancing BarefootPatti Smith
34.7%
Ignition (remix)R. Kelly
34.7%
Rikki Don't Lose That NumberWalter Becker and Donald Fagen
33.1%
Cross Road BluesRobert Johnson
32.8%
Radio, RadioElvis Costello
32.1%
Get ur Freak OnTimbaland and Missy Elliott
32.1%
Ain't That a ShameFats Domino and Dave Bartholomew
29.4%
How Soon is Now?Morrissey and Marr
29.3%
Me and Bobby McGeeKris Kristofferson
28.9%
Okie From MuskogeeMerle Haggard
28.7%
Song Songwriter(s) % Correct
Love StoryTaylor Swift
28%
Walk on ByBurt Bacharach and Hal David
26.8%
Mamma Mia!Benny and Bjorn
20%
JuicyThe Notorious B.I.G.
19.8%
Don't Come Home A' Drinkin'Loretta Lynn
19.2%
Flash LightGeorge Clinton
15.8%
Downtown TrainTom Waits
15.7%
Human BehaviourBjork
15.5%
You Keep Me Hangin' OnEddie Holland, Lamont Dozier and Brian Holland
15.4%
People Get ReadyCurtis Mayfield
14.3%
CoconutHarry Nilsson
14.1%
Jailhouse RockJerry Leiber and Mike Stoller
12%
Sail AwayRandy Newman
11.7%
Soul ManIsaac Hayes and David Porter
11.2%
Since U Been GoneMax Martin
10.8%
By the Time I Get to PhoenixJimmy Webb
9.8%
Harper Valley P.T.A.Tom T. Hall
8.7%
River Deep – Mountain HighEllie Greenwich and Jeff Barry
8.2%
Bastards of YoungPaul Westerberg
8%
Sam StoneJohn Prine
6.5%
Money (That's What I Want)Norman Whitfield and Barrett Strong
6.1%
Ain't No Mountain High EnoughNicholas Ashford and Valerie Simpson
5.8%
SpoonfulWillie Dixon
5.6%
You've Lost that Lovin' Feelin'Barry Mann and Cynthia Weill
4.7%
End of the RoadKenny 'Babyface' Edmonds
4.5%
Save the Last Dance for MeDoc Pomus and Mort Shuman
4%
All I Have to Do is DreamFelice and Boudleaux Bryant
3.9%
For the Love of MoneyKenny Gamble and Leon A. Huff
2.9%
Do Right Woman, Do Right ManDan Penn
2.8%
Workin' In A Coal MineAllen Toussaint
2.6%
Twist and ShoutBert Berns
2.6%
Don't be CruelOtis Blackwell
2.2%

You're not logged in!

Compare scores with friends on all Sporcle quizzes.
OR
Log In

You Might Also Like...

Show Comments

Extras

Top Quizzes Today


Score Distribution

Your Account Isn't Verified!

In order to create a playlist on Sporcle, you need to verify the email address you used during registration. Go to your Sporcle Settings to finish the process.

Report this User

Report this user for behavior that violates our Community Guidelines.

Details: